Music Quiz

Random Music or Song Quiz

Kid Cudi Songs By Lyric Quiz Stats

 Plays Quiz not verified by Sporcle

Challenge
Share
Tweet
Embed
Score 0/15 Timer 05:00
0 Plays Today
Lyrics Song % Correct
It's like I'm her new nightmare, she ain't escapin', It makes me feel a bit completeErase Me (feat. Kanye West)
79.5%
My heart thump not from being nervous Sometimes I'm thinking God made me special here on purpose So all the while 'til I'm gone make my words important so If I slip away, if I die The Prayer
61.4%
I am the maniac I am the ghoul Im in the shadows in the corner of my room This my little hideaway this is my tomb This is my coffin This is my place for unruliness no worries I lovManiac
60.3%
When the days, change, so does my attitude I'm messy at home, I eat a lot of junk food When the nights change, so do my nightmares too I dream reality, is my dream All Along
59%
Knocked down round for round You're feeling like you're shot down on the ground When will the fantasy end, When will the heaven begin (yeaah) You might be knocked down round for roMr. Rager
57.2%
Let go, life does get though No need to stress, hold you back too much Lets go I heard they found a solution Where will you be for the revolution?REVOFEV
48.3%
And **** them other **** cause you down for her bitches **** them other **** cause she down for the stickin' And **** them other **** hope she down for some lickin' And **** Make Her Say (feat. Kanye West and Common)
47.9%
I be on it all day Like my **** Big Boy said That's the only thing that keeps me level Up in my crazy head Marijuana
43.7%
Lyrics Song % Correct
exnay on the **** mayne When I roll back to Cleveland, cant believe them Sounds of the nonbelievers outcast til I'm in dirt, before it did hurt Now I can understand how You canEmbrace the Martian
42.8%
I know it's easy to imagine, but it's easier to just do, see, if you can't do what you imagine, then what is imagination to you? Just a waste of space in your brain, to take the plEnter Galactic (Love Connection, Pt. 1)
41.5%
I keep 'em short, sweet, thick and petite, Ridin' alongside in my Cutlass Supreme. I'm from a place where old school's are common, Gotta explain every time I'm rhymin' I be..Cleveland Is The Reason
41.3%
The crazy, the wizard So much whiskey all in my liver I really like the punch it delivers Makes me warm while I high-five sinners All alone tryna' hide from the shadows Ain't no usThese Worries
40.4%
Entertained myself, laughed at myself As I grew to be a teen who disguised myself Had the lowest self-esteem especially with the girls Tried every sport just to impress all the girMy World
40.2%
They say easy friend, there you go talkin' 'bout weed again, Prolly cause of the weed in him, Yes and no, cause and effect is what most don't know, Doing bad or like Mike said 'I cHyyerr (feat. Chip the Ripper)
25.2%
I'm lost in the kool-aid, I made my own flavor, Hawaiian super kush for everyone. Givin' free blunts to the ones who wanna dig. More than a man, super duper they feelin the kid. Daps and Pounds
12.6%

You're not logged in!

Compare scores with friends on all Sporcle quizzes.
OR
Log In

You Might Also Like...

Show Comments

Extras

Created Apr 22, 2011ReportNominate
Tags:Song Quiz, cudi, kid, Kid Cudi

Top Quizzes Today


Score Distribution

Your Account Isn't Verified!

In order to create a playlist on Sporcle, you need to verify the email address you used during registration. Go to your Sporcle Settings to finish the process.

Report this User

Report this user for behavior that violates our Community Guidelines.

Details: